| 000 | 00569nam a2200193 a 4500 | ||
|---|---|---|---|
| 005 | 20230302063547.0 | ||
| 008 | 991125s1965 mx 000 0 spa u | ||
| 020 | _a9681806859 | ||
| 035 | _aUPN01000006224 | ||
| 049 | _aCG | ||
| 050 | 4 |
_aQA303 _bT3.28 |
|
| 100 | 1 | _aWade, Thomas L. coaut. | |
| 245 | 1 | 0 |
_aCálculo diferencial e integral / _cHoward E. Taylor y Thomas L. Wade ; tr. Humberto Gutiérrez. |
| 260 |
_aMéxico : _bLimusa, _c1965. |
||
| 300 |
_a867 p. : _bil. |
||
| 650 | 2 |
_aCálculo diferencial _94551 |
|
| 650 | 2 |
_aCálculo integral _94584 |
|
| 905 | _aLibro | ||
| 999 |
_c6224 _d6224 |
||